Normal view
MARC view
- Murdick, Robert G
Entry Personal Name
001 - CONTROL NUMBER
- control field: 110738
003 - CONTROL NUMBER IDENTIFIER
- control field: NUST
005 - DATE AND TIME OF LATEST TRANSACTION
- control field: 20230321094639.0
008 - FIXED-LENGTH DATA ELEMENTS
- fixed length control field: 230321|| aca||aabn | a|a d
040 ## - CATALOGING SOURCE
- Original cataloging agency: NUST
- Transcribing agency: NUST
100 ## - HEADING--PERSONAL NAME
- Personal name: Murdick, Robert G
670 ## - SOURCE DATA FOUND
- Source citation: Work cat.: (NUST)194775: Murdick, Robert G., Information Systems for Modern Management /, 1996
